00652nam a2200241 a 4500001001300000003000900013005001700022008004100039020001000080082001600090100001800106245002500124260003700149300000900186500003500195505001200230650002400242700001800266902000800284942000700292952009600299999001500395nice12345678IN_TiNIC20260116011435.0050524s1960 laha grp 000 0 eng  ac10000a340.59bMER aMerchant, M V aBook of Quranic Laws aLahorebSh.Muhammad Ashrafc1960 a190p aincludes index and biblioraphy2 ano. 643 aIslamic-Law Quranic1 aMerchant, M V bSRS cBK 00104070aHMIbHMId2007-05-04g100.00l0o340.59 MERp02150r2007-05-04w2026-01-16yEB c1550d1550